000 01337nmc a2200481 a 4500
003 AR-BaBNM
005 20251128211803.0
008 136020s2001 ||||||||||||||000 | spa||
020 _a84-85840-87-9
040 _cAR-BaBNM
245 1 0 _aCine y literatura
_brelación y posibilidades didácticas
250 _a1ª ed.
260 _aBarcelona
_bICE
_c2001
_bHorsori
300 0 _a224 p.
_eCuadernillo de actividades
490 0 _aCuadernos de educación. 34
504 _aContiene referencias bibliográficas
650 4 _aCINE
650 4 _aLITERATURA
650 4 _aRECURSOS DIDACTICOS
650 4 _aGENEROS LITERARIOS
650 4 _aGUIONES
650 4 _aPELICULAS
653 0 _aNARRATIVA
653 0 _aLENGUAJES ARTISTICOS
653 0 _aENSENANZA DE LA LITERATURA
653 0 _aESTRATEGIAS DIDACTICAS
700 1 _aPujals, Gemma
_ecoordinador
700 1 _aRomea, Celia
_ecoordinador
700 1 _aDufort i Coll, Mercè
700 1 _aEchazarreta, Cármen
700 1 _aMartín, Andreu
700 1 _aSolà, Anna
700 1 _aAmbrós, Alba
700 1 _aFigueras, Neus
700 1 _aIgualada, Flor de Lis
700 1 _aPérez, Manuela
700 1 _aRamos, Joan Marc
700 1 _aRovira, Marta
700 1 _aVila, María
800 1 _aColl, César
942 _cBK
998 _cme-solo cat
999 _c21114
_d21114